[Event "ROM-ch U10 Girls"]
[Site "Calimanesti"]
[Date "2018.04.02"]
[Round "8"]
[White "Ivascu, Andreea Catalina"]
[Black "Marin, Ioana Viorica"]
[Result "1-0"]
[WhiteElo "1054"]
[BlackElo "1066"]
[PlyCount "59"]
[EventDate "2018.03.27"]
[EventType "swiss"]
[EventRounds "9"]
[EventCountry "ROU"]
[SourceTitle "CBM 183 Extra"]
[Source "ChessBase"]
[SourceDate "2018.04.19"]
[SourceVersion "1"]
[SourceVersionDate "2018.04.19"]
[SourceQuality "1"]

1. e4 c5 2. Nf3 d6 3. d4 cxd4 4. Nxd4 Nf6 5. Nc3 g6 6. f3 Bg7 7. Be3 0-0 8. Qd2 Nc6 9. 0-0-0 d5 10. Nxc6 bxc6 11. exd5 cxd5 12. Nxd5 a5 13. Nxf6+ Bxf6 14. Qxd8 Rxd8 15. Rxd8+ Kg7 16. Rd3 Rb8 17. Rb3 Ra8 18. Bc4 a4 19. Rd3 Bf5 20. Rd2 Rb8 21. Bd4 e5 22. Bc3 Be7 23. Bxe5+ Kh6 24. Bxb8 Bc5 25. Rd5 Bf8 26. Bd6 Bg7 27. Bf4+ g5 28. Bxg5+ Kg6 29. h4 h5 30. Bd3 1-0

[Event "ROM-ch U10 Girls"]
[Site "Calimanesti"]
[Date "2018.04.01"]
[Round "7"]
[White "Marin, Ioana Viorica"]
[Black "Moraru, Ana Alina"]
[Result "1-0"]
[WhiteElo "1066"]
[BlackElo "1101"]
[PlyCount "60"]
[EventDate "2018.03.27"]
[EventType "swiss"]
[EventRounds "9"]
[EventCountry "ROU"]
[SourceTitle "CBM 183 Extra"]
[Source "ChessBase"]
[SourceDate "2018.04.19"]
[SourceVersion "1"]
[SourceVersionDate "2018.04.19"]
[SourceQuality "1"]

1. e4 d6 2. d4 Nf6 3. Nc3 Nbd7 4. Nf3 g6 5. Be3 Bg7 6. Bd3 0-0 7. 0-0 e5 8. dxe5 dxe5 9. Qd2 Re8 10. h3 b6 11. Rfe1 Bb7 12. Bg5 c6 13. Qe2 Qc7 14. Rad1 h6 15. Bh4 a5 16. a4 Rad8 17. Bg3 Nc5 18. Rd2 Ne6 19. Bxe5 Qd7 20. Qe3 Nc5 21. Bxf6 Bxf6 22. Qxh6 Bg7 23. Qh4 Bxc3 24. bxc3 Nxa4 25. Bb5 Qc7 26. Bxa4 b5 27. Bb3 a4 28. Ba2 Rc8 29. Ng5 Kg7 30. Nxf7 Rf8 1-0

[Event "ROM-ch U10 Girls"]
[Site "Calimanesti"]
[Date "2018.03.28"]
[Round "2"]
[White "Chira Jurj, Miruna Emilia"]
[Black "Marin, Ioana Viorica"]
[Result "0-1"]
[WhiteElo "1001"]
[BlackElo "1066"]
[PlyCount "46"]
[EventDate "2018.03.27"]
[EventType "swiss"]
[EventRounds "9"]
[EventCountry "ROU"]
[SourceTitle "CBM 183 Extra"]
[Source "ChessBase"]
[SourceDate "2018.04.19"]
[SourceVersion "1"]
[SourceVersionDate "2018.04.19"]
[SourceQuality "1"]

1. e4 e5 2. Nf3 Nc6 3. Bb5 d6 4. c3 Nf6 5. d4 Be7 6. 0-0 0-0 7. Re1 Bg4 8. h3 Bh5 9. Bxc6 bxc6 10. d5 Nd7 11. Nbd2 Rb8 12. Nf1 Bxf3 13. Qxf3 Bg5 14. b3 Bxc1 15. Rexc1 Qe7 16. Ng3 c5 17. Qg4 Qe6 18. Nf5 g6 19. Nh6+ Kg7 20. Qg5 Qf6 21. Qd2 Qh4 22. Re1 Qxh6 23. Re3 Nf6 0-1

[Event "ROM-ch U10 Girls"]
[Site "Baile Felix"]
[Date "2017.02.08"]
[Round "8"]
[White "Preda, Alessia Elena"]
[Black "Marin, Ioana Viorica"]
[Result "0-1"]
[WhiteElo "1226"]
[BlackElo "1233"]
[PlyCount "93"]
[EventDate "2017.02.02"]
[EventType "swiss"]
[EventRounds "9"]
[EventCountry "ROU"]
[SourceTitle "CBM 176 Extra"]
[Source "ChessBase"]
[SourceDate "2017.03.02"]
[SourceVersion "1"]
[SourceVersionDate "2017.03.02"]
[SourceQuality "1"]

1. e4 c5 2. d4 cxd4 3. c3 d3 4. c4 Nf6 5. Nc3 d6 6. Bxd3 g6 7. Nf3 Bg7 8. 0-0 0-0 9. Be3 Nc6 10. Nd2 Bg4 11. f3 Bd7 12. h3 Qc7 13. f4 Rad8 14. f5 Ne5 15. Qe2 a6 16. Kh1 Nh5 17. Bf4 Bh6 18. Bh2 Bg7 19. g4 Nf6 20. Bf4 Qc6 21. Kh2 Qb6 22. Nd5 Nxd5 23. exd5 Qd4 24. Bxe5 Bxe5+ 25. Kh1 Qxb2 26. h4 Qb6 27. Ne4 Bxa1 28. Rxa1 Qd4 29. Rf1 Rde8 30. h5 g5 31. Nxg5 Qf6 32. Qe3 h6 33. Nh3 Kh8 34. g5 hxg5 35. Nxg5 Rg8 36. Nh3 Qg7 37. Be4 Qh7 38. Qf3 b5 39. f6 Qh6 40. fxe7 Rxe7 41. cxb5 Bxh3 42. Qxh3 Rxe4 43. Qc3+ Qg7 44. Qxg7+ Rxg7 45. Rf2 Rh4+ 46. Rh2 Rxh2+ 47. Kxh2 0-1

[Event "ROM-ch U10 Girls"]
[Site "Baile Felix"]
[Date "2017.02.06"]
[Round "6"]
[White "Marin, Ioana Viorica"]
[Black "Nicoara, Iris Maria"]
[Result "1-0"]
[WhiteElo "1233"]
[BlackElo "1187"]
[PlyCount "81"]
[EventDate "2017.02.02"]
[EventType "swiss"]
[EventRounds "9"]
[EventCountry "ROU"]
[SourceTitle "CBM 176 Extra"]
[Source "ChessBase"]
[SourceDate "2017.03.02"]
[SourceVersion "1"]
[SourceVersionDate "2017.03.02"]
[SourceQuality "1"]

1. e4 e5 2. Nf3 Nf6 3. Nc3 Nc6 4. Bc4 Bc5 5. 0-0 0-0 6. d3 h6 7. Be3 Bb6 8. h3 d6 9. g4 Nh7 10. Nh2 Qf6 11. Nd5 Qd8 12. Nxb6 axb6 13. Kh1 Be6 14. Qd2 Qf6 15. Rg1 g5 16. Raf1 Nd4 17. h4 Nf3 18. Nxf3 Qxf3+ 19. Kh2 Bxg4 20. Rg3 Qf6 21. Rxg4 Kh8 22. hxg5 hxg5 23. f3 Qh6+ 24. Kg2 f6 25. Rd1 Qg6 26. f4 Kg7 27. fxg5 fxg5 28. Bd5 c6 29. Bb3 Qf6 30. Qe2 Rad8 31. Bxb6 Rd7 32. Qe3 d5 33. Qh3 Qf2+ 34. Bxf2 Rh8 35. Rh1 b5 36. Qh6+ Kf7 37. exd5 cxd5 38. Qh5+ Ke7 39. Bc5+ Kd8 40. Qg6 Kc8 41. Rxg5 1-0

[Event "ROM-ch U10 Girls"]
[Site "Baile Felix"]
[Date "2017.02.02"]
[Round "1"]
[White "Marin, Ioana Viorica"]
[Black "Toculet, Erika Andreea"]
[Result "1-0"]
[WhiteElo "1233"]
[BlackElo "1024"]
[PlyCount "109"]
[EventDate "2017.02.02"]
[EventType "swiss"]
[EventRounds "9"]
[EventCountry "ROU"]
[SourceTitle "CBM 176 Extra"]
[Source "ChessBase"]
[SourceDate "2017.03.02"]
[SourceVersion "1"]
[SourceVersionDate "2017.03.02"]
[SourceQuality "1"]

1. e4 Nc6 2. d4 d5 3. e5 Bf5 4. Nc3 f6 5. f4 fxe5 6. fxe5 e6 7. Be3 Bb4 8. Qd2 Qd7 9. Bg5 h6 10. Be3 0-0-0 11. 0-0-0 Nge7 12. Be2 Be4 13. Nf3 Na5 14. Bb5 Qxb5 15. Nxb5 Bxd2+ 16. Rxd2 Bxf3 17. gxf3 Rhf8 18. f4 Rf5 19. Rg1 Nc4 20. Rd3 Nxe3 21. Rxe3 g5 22. fxg5 hxg5 23. Nxa7+ Kb8 24. Nb5 Rdf8 25. Rc3 c6 26. Nd6 Rf1+ 27. Rxf1 Rxf1+ 28. Kd2 Rh1 29. Rg3 Rxh2+ 30. Kc3 Rh5 31. Nf7 Nf5 32. Rg2 Ne3 33. Rg1 Rh3 34. Nxg5 Nd1+ 35. Kd2 Rh2+ 36. Kxd1 Rh4 37. Nxe6 Kc8 38. Rg7 Rh1+ 39. Kd2 Rh2+ 40. Kd1 Rh1+ 41. Ke2 Rh2+ 42. Kd3 Rh3+ 43. Kd2 Rh2+ 44. Ke3 Rh3+ 45. Kf4 Kb8 46. Nc5 Kc8 47. Nxb7 Rh4+ 48. Kg5 Rh2 49. e6 Rg2+ 50. Kf6 Rxg7 51. Kxg7 Kc7 52. e7 Kd7 53. Kf6 Ke8 54. Ke6 c5 55. Nd6# 1-0

[Event "ROM-ch U08 Girls"]
[Site "Calimanesti Caciulata"]
[Date "2016.04.24"]
[Round "8"]
[White "Marin, Ioana Viorica"]
[Black "Maria, Lia Alexandra"]
[Result "0-1"]
[WhiteElo "1143"]
[BlackElo "1337"]
[PlyCount "98"]
[EventDate "2016.04.18"]
[EventType "swiss"]
[EventRounds "9"]
[EventCountry "ROU"]
[SourceTitle "CBM 172 Extra"]
[Source "ChessBase"]
[SourceDate "2016.06.21"]
[SourceVersion "1"]
[SourceVersionDate "2016.06.21"]
[SourceQuality "1"]

1. e4 c5 2. d4 cxd4 3. c3 d3 4. Bxd3 Nc6 5. Nf3 e6 6. 0-0 d6 7. c4 Nf6 8. Nc3 Be7 9. Bf4 0-0 10. Qe2 e5 11. Bg3 Bg4 12. h3 Nd4 13. Qd1 Nxf3+ 14. gxf3 Bxh3 15. Re1 Nd7 16. Bc2 Bh4 17. Re2 Qg5 18. Qd3 Bxg3 19. fxg3 Qxg3+ 20. Kh1 Rfe8 21. Rg1 Qf4 22. Rh2 Be6 23. Ne2 Qf6 24. f4 Nc5 25. Qd2 Bd7 26. f5 Bc6 27. Ng3 a6 28. Qg2 g6 29. Nh5 Qh8 30. f6 b5 31. Ng7 Red8 32. Nf5 Qxf6 33. Rf1 Qe6 34. Nh6+ Kh8 35. Nxf7+ Kg8 36. Nxd8 Rxd8 37. Rf5 bxc4 38. Rfh5 Rd7 39. Rf5 d5 40. Kg1 dxe4 41. Qg4 Qxf5 42. Qxf5 gxf5 43. b4 Nd3 44. Rh5 f4 45. Bd1 f3 46. Rf5 f2+ 47. Kf1 Nf4 48. Bc2 e3 49. Rxe5 Bg2# 0-1

[Event "ROM-ch U08 Girls"]
[Site "Calimanesti Caciulata"]
[Date "2016.04.20"]
[Round "3"]
[White "Nicula, Andreea Elena"]
[Black "Marin, Ioana Viorica"]
[Result "0-1"]
[WhiteElo "1001"]
[BlackElo "1143"]
[PlyCount "100"]
[EventDate "2016.04.18"]
[EventType "swiss"]
[EventRounds "9"]
[EventCountry "ROU"]
[SourceTitle "CBM 172 Extra"]
[Source "ChessBase"]
[SourceDate "2016.06.21"]
[SourceVersion "1"]
[SourceVersionDate "2016.06.21"]
[SourceQuality "1"]

1. d4 d5 2. Nf3 Nf6 3. Bf4 g6 4. e3 Bg7 5. Nc3 0-0 6. Bb5 a6 7. Bd3 b6 8. 0-0 Bb7 9. h3 Nbd7 10. Be5 Nxe5 11. dxe5 Ne4 12. Bxe4 dxe4 13. Nxe4 Bxe4 14. Qxd8 Raxd8 15. Rac1 f6 16. exf6 Bxf6 17. c3 b5 18. Rcd1 Bc2 19. Rxd8 Rxd8 20. Rc1 Be4 21. Nd4 c5 22. Nc2 Be5 23. f3 Bxc2 24. Rxc2 Bg3 25. Rc1 Rd3 26. e4 Bf4 27. Rc2 Rd2 28. Rxd2 Bxd2 29. g4 Bc1 30. b4 cxb4 31. cxb4 h5 32. Kg2 h4 33. e5 e6 34. Kh2 Bf4+ 35. Kg2 Bxe5 36. g5 Bf4 37. Kf2 Kf7 38. Ke2 Ke7 39. Kd3 Kd6 40. Ke4 Bxg5 41. f4 Bf6 42. Kf3 Kd5 43. Kg4 Kc4 44. a3 Kb3 45. Kf3 Kxa3 46. Ke4 Kxb4 47. Kf3 a5 48. Ke2 a4 49. Kd1 a3 50. Kc1 a2 0-1

[Event "ROM-ch U08 Girls"]
[Site "Calimanesti Caciulata"]
[Date "2016.04.19"]
[Round "2"]
[White "Marin, Ioana Viorica"]
[Black "Criveanu, Maria"]
[Result "0-1"]
[WhiteElo "1143"]
[BlackElo "1027"]
[PlyCount "74"]
[EventDate "2016.04.18"]
[EventType "swiss"]
[EventRounds "9"]
[EventCountry "ROU"]
[SourceTitle "CBM 172 Extra"]
[Source "ChessBase"]
[SourceDate "2016.06.21"]
[SourceVersion "1"]
[SourceVersionDate "2016.06.21"]
[SourceQuality "1"]

1. e4 e5 2. Nf3 Nc6 3. d4 exd4 4. Nxd4 Bc5 5. Nb3 d6 6. Nc3 Qf6 7. Qe2 Be6 8. Nd5 Bxd5 9. exd5+ Qe7 10. dxc6 bxc6 11. Qxe7+ Nxe7 12. Bg5 Nd5 13. 0-0-0 0-0 14. Nxc5 dxc5 15. Bc4 Nf6 16. Rhe1 Rfe8 17. Rxe8+ Rxe8 18. Bf4 Rc8 19. Bxc7 h6 20. Bd6 Ne4 21. Bg3 Ng5 22. Ba6 Re8 23. f3 Ne6 24. Bb7 Nd4 25. Bd6 Rd8 26. Kb1 Rxd6 27. c3 Rd7 28. Bxc6 Rc7 29. Be4 Ne6 30. f4 g6 31. f5 gxf5 32. Bxf5 Nf4 33. g3 Ng2 34. Rd6 Ne3 35. Bd3 Re7 36. Rxh6 Rd7 37. Bh7+ Kg7 0-1